| 000 | 00848ntm a22002297a 4500 | ||
|---|---|---|---|
| 005 | 20170813160005.0 | ||
| 008 | 170802s2013 xx a frb 000 0 eng d | ||
| 040 |
_aEG-ScBUE _beng _cEG-ScBUE |
||
| 082 | 0 | 4 |
_222 _a624 _bHAK |
| 100 | 1 | _aHakim, Bassem Tarek Michel. | |
| 245 | 1 | 0 |
_aEfficient boundary element analysis of slab-beam type bridges / _cBassem Tarek Michel Hakim. |
| 260 | _c2013. | ||
| 300 |
_axiv, 174 p. : _bill. (col.) ; _c28 cm. |
||
| 500 | _aA dissertation submitted to the faculty of engineering,the British University in Egypt,in partial fulfillment of the requirements for the bachelor degree in civil engineering | ||
| 590 | _arahma khaled | ||
| 650 | 7 |
_2BUEsh _aCivil engineering _vProjects |
|
| 653 |
_bENGCIV _cAugust2017 |
||
| 655 | _vSPRO | ||
| 700 | 1 |
_aRashed, Youssef F. _eths _934670 |
|
| 777 | _ASPRO | ||
| 942 | _2ddc | ||
| 999 |
_c25241 _d25213 |
||